00000000nam##2200000za#4500
0019.541806
003CaOODSP
00520210615085810
007ta
008150406|2005||||xxc|||||     f|0| 0 eng|d
020 |a0-660-62907-0
040 |aCaOODSP|beng
041 |aeng
041 |afre
043 |an-cn---
0861 |aBT31-4/6-2005
1101 |aCanada. |bTreasury Board.
24510|aIndian and Northern Affairs Canada and Canadian Polar Commission
260 |bTreasury Board of Canada Secretariat |c2005.
300 |aEnglish text, 76p. : |borganization chart, tables ; |c28 cm.
4901 |aPerformance report for the period ending March 31, 2005
5203 |aDepartmental Performance Reports are part of the Estimates prepared by the Government of Canada each year in support of its request to Parliament for authority to spend public monies. Each report emphasizes accountability, comparing accomplishments with the expectations and commitments set out earlier in the department’s Report on Plans and Priorities. The Departmental Performance Reports reflect the citizen focus of government programs, setting out the strategic context, the risks and challenges to meeting commitments, and the links between resources the department uses and the benefits it has achieved for Canadians and Canadian society.
563 |aSoftcover
590 |a05-44|b2005-11-04
69007|aFederal departments|2gcpds
7760#|tIndian and Northern Affairs Canada, Canadian Polar Commission and Indian Specific Claims Commission, 2004-2005 departmental performance report |w(CaOODSP)9.573164
7760#|tAffaires indiennes et du Nord Canada, Commission canadienne des affaires polaires et Commission des revendications particulières des Indiens - rapport sur le rendement ministériel 2004-2005 |w(CaOODSP)9.603378
792 |tAffaires indiennes et du Nord Canada et Commission canadienne des affaires polaires |efre|w(CaOODSP)9.541807
830#0|aPerformance report for the period ending March 31, 2005.|w(CaOODSP)9.511142